Programové zameranie Združenia hlavných kontrolórov miest a obcí SR na ďalšie obdobie schválené na VI. sneme konanom v dňoch 4. a 5. júna 1997 vo Vyhniach

Bibliographic Details
Format: Article
Language:Slovak
Subjects:

MARC

LEADER 00000nab a2200000 a 4500
001 vtls000629100
003 SK-MaSNL
005 20260302185419.0
008 160401c1997 xo 0 slo
015 |a SNBRB19rr/mm-uuuuu 
035 |a CL0629239 
040 |a SNKBUCL  |b slo  |c SNKBUCL  |e AACR2 
041 0 |a slo 
044 |a xo  |c SK 
080 |a 352.078.3:061.25(437.6):061.3  |2 1981 
245 0 0 |a Programové zameranie Združenia hlavných kontrolórov miest a obcí SR na ďalšie obdobie schválené na VI. sneme konanom v dňoch 4. a 5. júna 1997 vo Vyhniach 
650 0 7 |a Združenie hlavných kontrolórov miest a obcí Slovenskej republiky  |2 snkbucl  |9 901969 
655 7 |a články z novín a časopisov  |2 snkbucl  |9 267496 
773 0 |t Obecné noviny  |g Roč. 7, č. 28 (1997), s. 11 
850 |a Slovenská národná knižnica v Martine  |a MTA001 
852 |a SNK  |b KIS3GCP 
958 |a SK 
958 |a RK 
958 |a RBX 
999 |c 1429421  |d 1431351